000 00701nam a2200193 i 4500
001 64543
003 ES-MaACL
005 20250802232300.0
007 t|
008 031229s1961 sp ||||1| spa d
100 1 _aFont Tullot, Inocencio.
_951571
245 1 0 _aMeteorología aplicada al vuelo con turborreactores /
_cpor Inocencio Font Tullot.
260 _aMadrid :
_b[s.n.,
_c1961] (
_fVirgen de Loreto)
300 _a171 p. :
_bil. ;
_c22 cm.
500 _aPrecede al tit.: Ministerio del Aire, Dirección General de Protección de Vuelo, Servicio Meteorológico Nacional.
710 1 _aEspaña.
_bMinisterio del Aire
_93938
852 _aES-MaACL
_jA-3947
_bR.48016
999 _c64543
_d64543